Per una critica della economia politica del segno /
Guardado en:
| Hovedforfatter: | |
|---|---|
| Andre forfattere: | |
| Format: | Ukendt |
| Sprog: | Portuguese |
| Udgivet: |
Milano:
Gabriele Mazzotta editore,
1978
|
| Udgivelse: | 2. edición |
| Fag: | |
| Tags: |
Tilføj Tag
Ingen Tags, Vær først til at tagge denne postø!
|
MARC
| LEADER | 000000000a22000000004500 | ||
|---|---|---|---|
| 001 | 001216 | ||
| 008 | 170627s1978 it ||||| |||| 00| 0 por d | ||
| 041 | 0 | |a Italiano | |
| 082 | |a 339.47 |b B342p | ||
| 100 | 1 | |a Baudrillard, Jean |d 1929-2007 | |
| 245 | 1 | 0 | |a Per una critica della economia politica del segno / |c Jean Baudrillard ; Mario Spinella, traductor |
| 250 | |a 2. edición | ||
| 260 | |a Milano: |b Gabriele Mazzotta editore, |c 1978 | ||
| 300 | |a 232 páginas | ||
| 500 | |a Número de inscripción 8073 (Colección George Yúdice) -- Título original: Pour une critique de l'économie politique du signe | ||
| 650 | 4 | |a CONSUMO (ECONOMIA) | |
| 700 | 1 | 2 | |a Spinella, Mario, |e traductor |
| 942 | |2 ddc |c BK | ||
| 999 | |c 2299 |d 2299 | ||
